Normal view
MARC view
- Advisor DR. Sajid ullah Butt
Entry Personal Name
001 - CONTROL NUMBER
- control field: 69432
003 - CONTROL NUMBER IDENTIFIER
- control field: NUST
005 - DATE AND TIME OF LATEST TRANSACTION
- control field: 20210628204228.0
008 - FIXED-LENGTH DATA ELEMENTS
- fixed length control field: 210628|| aca||aabn | a|a d
040 ## - CATALOGING SOURCE
- Original cataloging agency: NUST
- Transcribing agency: NUST
100 ## - HEADING--PERSONAL NAME
- Personal name: Advisor DR. Sajid ullah Butt
670 ## - SOURCE DATA FOUND
- Source citation: Work cat.: (NUST): Muhammad Ameer 29562, TH-SOF-1569-Feature clustering based approach for generation of reconfigurable machining process plan with kinematic configuration, 2018
